000 00478nam a2200181Ia 4500
005 20250326141414.0
008 250326s9999 xx 000 0 und d
037 _aTextbook
040 _aFMSL
_beng
_cFMSL
041 _aeng
_2eng
084 _aX72 L6
_qFMSL
100 _aMistry S
_9708405
245 0 _aPractical tax planning
_cMistry S; Kumar D
260 _aDelhi
_bDelhi, Taxman
_c1976
300 _a413p
942 _cTB
_hX72 L6
999 _c1290155
_d1290155